000 00492 a2200169 4500
005 20250506095543.0
020 _a0-495-00717-X
082 _aLECT 174.4 SHA
100 _aSHAW, W, H.
245 _aMoral issues in Business
250 _a10th Ed,
260 _aMexico,
_bThomson Higher Education,
_c2007,
300 _ax, 630p.: ill.; tables,
_bindex,
_c23cm,
700 _aBARRY, V.
856 _y Access Online Book
_fMoral issues in Business
_dhttp://www.thomaonwsu.com
942 _2ddc
_cBKS
999 _c1987
_d1987